[Event "44th Chess Olympiad Open 2022"]
[Site "Chennai"]
[Date "2022.08.02"]
[Round "5.32"]
[White "Yan, Austin K"]
[Black "Andersen, Mads"]
[Result "0-1"]
[WhiteElo "1568"]
[BlackElo "2587"]
[Annotator "RC"]
[PlyCount "72"]
[EventDate "2022.07.29"]
[EventType "team-tourn"]
[EventCountry "IND"]
[SourceTitle "playchess.com"]
[Source "ChessBase"]
[SourceQuality "1"]
[WhiteTeam "United States"]
[BlackTeam "Denmark"]
[WhiteTeamCountry "USA"]
[BlackTeamCountry "DEN"]

1. e4 e5 2. Nf3 Nc6 3. Bc4 Nf6 4. d3 Bc5 5. c3 a6 6. Bb3 Ba7 7. h3 d5 8. Qe2
dxe4 9. dxe4 Qe7 10. Nbd2 Be6 11. Bc2 O-O-O 12. Nf1 Nh5 13. g3 f6 14. Be3 Qf7
15. Bxa7 Nxa7 16. Ne3 g6 17. Kf1 Rd6 18. Kg2 Rhd8 19. a4 Nc6 20. b4 a5 21. b5
Nb8 22. c4 Nd7 23. Nd5 b6 24. Rhd1 Nc5 25. Rd2 Qd7 26. Ng1 Kb7 27. Qe3 Qf7 28.
Nf3 Bc8 29. Rad1 Ng7 30. Qh6 Nge6 31. Qh4 h5 32. Qxf6 Nf4+ 33. gxf4 Rxf6 34.
Nxe5 Qe6 35. Nxf6 Rxd2 36. Rxd2 Qxf6 0-1

[Event "44th Chess Olympiad Open 2022"]
[Site "Chennai"]
[Date "2022.08.02"]
[Round "5.33"]
[White "Amin, Bassem"]
[Black "Silva, David"]
[Result "1-0"]
[WhiteElo "2680"]
[BlackElo "2315"]
[Annotator "ChessBase"]
[PlyCount "70"]
[EventDate "2022.07.29"]
[EventType "team-tourn"]
[EventCountry "IND"]
[SourceTitle "playchess.com"]
[Source "ChessBase"]
[SourceQuality "1"]
[WhiteTeam "Egypt"]
[BlackTeam "Angola"]
[WhiteTeamCountry "EGY"]
[BlackTeamCountry "ANG"]

1. Nf3 d5 2. c4 c6 3. g3 Nf6 4. Bg2 Bf5 5. cxd5 cxd5 6. Qb3 Qb6 7. Qxb6 axb6 8.
d3 Nc6 9. Nc3 e5 10. O-O h6 11. Nh4 Be6 12. f4 exf4 13. gxf4 d4 14. f5 Bb3 15.
Nb5 Kd7 16. Bxc6+ bxc6 17. Nxd4 Bc5 18. Nhf3 Bxa2 19. Bd2 Ra4 20. Bc3 Nd5 21.
e4 Nxc3 22. bxc3 Re8 23. Rf2 Rea8 24. Ne5+ Ke8 25. Nexc6 f6 26. Rb2 Bf7 27.
Rxa4 Rxa4 28. Kg2 Kd7 29. Nb4 Ra1 30. Nf3 Ra3 31. e5 fxe5 32. Nxe5+ Ke8 33. c4
Ra1 34. Nbc6 Ra4 35. Kf3 h5 1-0

[Event "44th Chess Olympiad Open 2022"]
[Site "Chennai"]
[Date "2022.08.02"]
[Round "5.33"]
[White "Miguel, Sergio"]
[Black "Adly, Ahmed"]
[Result "0-1"]
[WhiteElo "2274"]
[BlackElo "2582"]
[Annotator "RC"]
[PlyCount "80"]
[EventDate "2022.07.29"]
[EventType "team-tourn"]
[EventCountry "IND"]
[SourceTitle "playchess.com"]
[Source "ChessBase"]
[SourceQuality "1"]
[WhiteTeam "Angola"]
[BlackTeam "Egypt"]
[WhiteTeamCountry "ANG"]
[BlackTeamCountry "EGY"]

1. e4 c5 2. Nf3 Nf6 3. e5 Nd5 4. Nc3 Nxc3 5. dxc3 Nc6 6. Bf4 Qc7 7. Qd2 e6 8.
O-O-O h6 9. h4 Rb8 10. h5 b5 11. Rh4 c4 12. Bg3 Qa5 13. Kb1 Rb6 14. Qc1 b4 15.
cxb4 Nxb4 16. Bxc4 Nxa2 17. Bxa2 Ra6 18. c3 Qxa2+ 19. Kc2 Bb7 20. Rd2 Be7 21.
Rg4 Ra4 22. Rdd4 Rxd4 23. Nxd4 Bxg2 24. Bh4 Bxh4 25. Rxh4 Qa4+ 26. Kd3 Bb7 27.
Qg1 Rg8 28. Rg4 Ba6+ 29. Kd2 Qc4 30. Qg3 Qf1 31. Qf3 Ke7 32. Kc2 Rb8 33. Rxg7
Bd3+ 34. Kd2 Rxb2+ 35. Ke3 Bf5 36. Nxf5+ exf5 37. Rxf7+ Kxf7 38. Qd5+ Ke7 39.
Qd6+ Ke8 40. Qg6+ Kd8 0-1

[Event "44th Chess Olympiad Open 2022"]
[Site "Chennai"]
[Date "2022.08.02"]
[Round "5.35"]
[White "Kaloust, Giorgio"]
[Black "Ziska, Helgi Dam"]
[Result "0-1"]
[WhiteElo "1942"]
[BlackElo "2549"]
[Annotator "RC"]
[PlyCount "76"]
[EventDate "2022.07.29"]
[EventType "team-tourn"]
[EventCountry "IND"]
[SourceTitle "playchess.com"]
[Source "ChessBase"]
[SourceQuality "1"]
[WhiteTeam "Lebanon"]
[BlackTeam "Faroe Islands"]
[WhiteTeamCountry "LBN"]
[BlackTeamCountry "FAI"]

1. d4 g6 2. Nf3 Bg7 3. c4 Nf6 4. g3 O-O 5. Bg2 d6 6. O-O Nbd7 7. Nc3 e5 8. d5
a5 9. a3 Nb6 10. Qd3 Nfd7 11. e4 Nc5 12. Qc2 a4 13. Be3 Nb3 14. Rae1 Bd7 15.
Bxb6 cxb6 16. Nd2 Nd4 17. Qd3 Rc8 18. Ne2 Nxe2+ 19. Qxe2 Bh6 20. Rc1 b5 21.
cxb5 Qa5 22. Nc4 Qxb5 23. Rc3 Qa6 24. Rb1 b5 25. Ne3 Rxc3 26. bxc3 Rc8 27. Nd1
Qa7 28. Rb4 Bg5 29. Bf1 Bd8 30. Qd2 Ba5 31. Rb1 Rc5 32. Be2 Kg7 33. Kg2 Qc7 34.
Qb2 Bxc3 35. Nxc3 Rxc3 36. Bxb5 Rb3 37. Qc1 Qxc1 38. Rxc1 Bxb5 0-1

[Event "44th Chess Olympiad Open 2022"]
[Site "Chennai"]
[Date "2022.08.02"]
[Round "5.37"]
[White "Chekh Adm Khedr, Aram"]
[Black "Hernandez Guerrero, Gilberto"]
[Result "1/2-1/2"]
[WhiteElo "2147"]
[BlackElo "2560"]
[Annotator "RC"]
[PlyCount "76"]
[EventDate "2022.07.29"]
[EventType "team-tourn"]
[EventCountry "IND"]
[SourceTitle "playchess.com"]
[Source "ChessBase"]
[SourceQuality "1"]
[WhiteTeam "Syria"]
[BlackTeam "Mexico"]
[WhiteTeamCountry "SYR"]
[BlackTeamCountry "MEX"]

1. e4 c5 2. Nf3 Nc6 3. d4 cxd4 4. Nxd4 Nf6 5. Nc3 d6 6. Bg5 Bd7 7. Qd2 Rc8 8.
O-O-O Nxd4 9. Qxd4 Qa5 10. Be3 a6 11. f3 e5 12. Qb6 Qxb6 13. Bxb6 h5 14. h4 Be7
15. Kb1 Rc6 16. Be3 Bd8 17. g3 Ba5 18. Nd5 Nxd5 19. Rxd5 Bb6 20. Bxb6 Rxb6 21.
Bh3 Bxh3 22. Rxh3 Rh6 23. Rh1 Rg6 24. Rg1 Ke7 25. b3 Ke6 26. c4 Rc6 27. a4 f5
28. exf5+ Kxf5 29. Kc2 Rc5 30. Rxc5 dxc5 31. a5 Rd6 32. Rg2 Rd4 33. Rd2 Rxd2+
34. Kxd2 e4 35. Ke3 exf3 36. Kxf3 g6 37. g4+ Ke5 38. gxh5 gxh5 1/2-1/2

[Event "44th Chess Olympiad Open 2022"]
[Site "Chennai"]
[Date "2022.08.02"]
[Round "5.38"]
[White "Saeheng, Boonsueb"]
[Black "Tashev, Aleksandar"]
[Result "*"]
[WhiteElo "2063"]
[BlackElo "2262"]
[Annotator "NA COMBH"]
[PlyCount "64"]
[EventDate "2022.07.29"]
[EventType "team-tourn"]
[EventCountry "IND"]
[SourceTitle "playchess.com"]
[Source "ChessBase"]
[SourceQuality "1"]
[WhiteTeam "Thailand"]
[BlackTeam "Bulgaria"]
[WhiteTeamCountry "THA"]
[BlackTeamCountry "BUL"]

1. d4 d5 2. c4 e6 3. Nc3 Nf6 4. Nf3 c6 5. e3 Nbd7 6. Qc2 Bd6 7. e4 dxe4 8. Nxe4
Nxe4 9. Qxe4 Nf6 10. Qe3 b6 11. Be2 c5 12. O-O Qc7 13. dxc5 bxc5 14. h3 Bb7 15.
Rd1 Rg8 16. Qa3 g5 17. Nxg5 h6 18. Nf3 Ne4 19. Bxh6 f5 20. h4 Qc6 21. Bg5 Bc7
22. Qe3 e5 23. Rd5 Qe6 24. Rad1 Bxd5 25. cxd5 Qd6 26. Bd3 Nxg5 27. Nxg5 e4 28.
g3 Bb6 29. Bc4 Ke7 30. Kg2 Raf8 31. f3 Bc7 32. f4 Ke8 *

[Event "44th Chess Olympiad Open 2022"]
[Site "Chennai"]
[Date "2022.08.02"]
[Round "5.39"]
[White "Esmeraldas Huachi, Anderson"]
[Black "Araoun, Saadi"]
[Result "1-0"]
[WhiteElo "2071"]
[BlackElo "2049"]
[Annotator "NA"]
[PlyCount "97"]
[EventDate "2022.07.29"]
[EventType "team-tourn"]
[EventCountry "IND"]
[SourceTitle "playchess.com"]
[Source "ChessBase"]
[SourceQuality "1"]
[WhiteTeam "Ecuador"]
[BlackTeam "Algeria"]
[WhiteTeamCountry "ECU"]
[BlackTeamCountry "ALG"]

1. d4 Nf6 2. c4 g6 3. Nc3 Bg7 4. e4 d6 5. Be2 O-O 6. Be3 e5 7. d5 Na6 8. g4 Nc5
9. f3 h5 10. h3 a5 11. Qd2 Nh7 12. gxh5 Qh4+ 13. Bf2 Qxh5 14. f4 Qh6 15. fxe5
Qxd2+ 16. Kxd2 Bxe5 17. Bxc5 dxc5 18. Nf3 Bf4+ 19. Kc2 Re8 20. Rae1 Nf6 21. Bd3
Nh5 22. e5 Ng3 23. Rhg1 Bxh3 24. Ne4 Nh5 25. Neg5 Bxg5 26. Nxg5 Nf4 27. e6 Kg7
28. exf7 Rh8 29. Re7 Kf6 30. Rxc7 Nxd3 31. Kxd3 Bf5+ 32. Kc3 Rh2 33. f8=Q+ Rxf8
34. Nh7+ Rxh7 35. Rxh7 Rb8 36. Rc7 b6 37. Re1 Kg5 38. Kb3 b5 39. Rxc5 bxc4+ 40.
Kc3 a4 41. Rxc4 Ra8 42. d6 Kf6 43. b4 Be6 44. Rd4 a3 45. b5 Bd7 46. Kb4 Rb8 47.
Rd5 Be6 48. d7 Rd8 49. Rd6 1-0

[Event "44th Chess Olympiad Open 2022"]
[Site "Chennai"]
[Date "2022.08.02"]
[Round "5.40"]
[White "Tate, Alan"]
[Black "Hamid Mohammed"]
[Result "1-0"]
[WhiteElo "2313"]
[BlackElo "2116"]
[Annotator "ChessBase"]
[PlyCount "69"]
[EventDate "2022.07.29"]
[EventType "team-tourn"]
[EventCountry "IND"]
[SourceTitle "playchess.com"]
[Source "ChessBase"]
[SourceQuality "1"]
[WhiteTeam "Scotland"]
[BlackTeam "Sudan"]
[WhiteTeamCountry "SCO"]
[BlackTeamCountry "SUD"]

1. e4 c5 2. Nf3 g6 3. c4 Bg7 4. d4 cxd4 5. Nxd4 Nc6 6. Be3 Nf6 7. Nc3 Ng4 8.
Qxg4 Nxd4 9. Qd1 e5 10. Bd3 O-O 11. O-O d6 12. Qd2 Be6 13. Rad1 Rc8 14. b3 a6
15. Bxd4 exd4 16. Ne2 Rc5 17. Bb1 Rh5 18. Nxd4 Bg4 19. f3 Qh4 20. fxg4 Qxh2+
21. Kf2 Rh3 22. Ne2 Be5 23. Rh1 Bg3+ 24. Nxg3 Qxg3+ 25. Kg1 Rxh1+ 26. Kxh1 Qxg4
27. Qxd6 Re8 28. Kg1 Re6 29. Qd8+ Kg7 30. Qd4+ Kg8 31. c5 h5 32. Qd8+ Kg7 33.
Rf1 h4 34. Qd7 h3 35. Rxf7+ 1-0

[Event "44th Chess Olympiad Open 2022"]
[Site "Chennai"]
[Date "2022.08.02"]
[Round "5.46"]
[White "Gole, Habtamu Ashenafi"]
[Black "Choukri, Adel"]
[Result "0-1"]
[WhiteElo "2044"]
[BlackElo "2306"]
[Annotator "ChessBase"]
[PlyCount "92"]
[EventDate "2022.07.29"]
[EventType "team-tourn"]
[EventCountry "IND"]
[SourceTitle "playchess.com"]
[Source "ChessBase"]
[SourceQuality "1"]
[WhiteTeam "Ethiopia"]
[BlackTeam "Morocco"]
[WhiteTeamCountry "ETH"]
[BlackTeamCountry "MAR"]

1. Nf3 d5 2. d4 e6 3. Bf4 c5 4. e3 Nc6 5. c3 Nf6 6. Nbd2 h6 7. h3 Bd6 8. Ne5
Bxe5 9. dxe5 Nd7 10. Bb5 Qb6 11. Bxc6 bxc6 12. b3 Ba6 13. Qc2 Qc7 14. Nf3 Qa5
15. h4 O-O-O 16. h5 Qa3 17. Rh4 Bb5 18. Bg3 c4 19. b4 a5 20. Kf1 axb4 21. cxb4
Qxb4 22. a4 Qa5 23. Qa2 Ba6 24. Nd4 Kc7 25. Rf4 c5 26. Nc2 Rb8 27. Kg1 Rhf8 28.
f3 Qc3 29. Be1 Qb3 30. Rg4 Rg8 31. f4 g6 32. Rg3 gxh5 33. Ba5+ Kc6 34. Rh3 Qxa2
35. Rxa2 Rb1+ 36. Kh2 Rgb8 37. Bc3 R1b3 38. Ba1 c3 39. Kg3 Rb2 40. Bxb2 cxb2
41. Na3 Bc4 42. Rxb2 Rxb2 43. Nxc4 dxc4 44. e4 Rb3+ 45. Kf2 Rxh3 46. gxh3 Kb6
0-1

[Event "44th Chess Olympiad Open 2022"]
[Site "Chennai"]
[Date "2022.08.02"]
[Round "5.52"]
[White "Mizzi, Jack"]
[Black "Al-Subaihi, Khalil"]
[Result "*"]
[WhiteElo "1913"]
[BlackElo "2141"]
[Annotator "NA COMBH"]
[PlyCount "80"]
[EventDate "2022.07.29"]
[EventType "team-tourn"]
[EventCountry "IND"]
[SourceTitle "playchess.com"]
[Source "ChessBase"]
[SourceQuality "1"]
[WhiteTeam "Malta"]
[BlackTeam "Yemen"]
[WhiteTeamCountry "MLT"]
[BlackTeamCountry "YEM"]

1. d4 Nf6 2. c4 e6 3. g3 d5 4. Bg2 c5 5. cxd5 exd5 6. Nf3 h6 7. O-O Nc6 8. Nc3
Be7 9. dxc5 Bxc5 10. b3 O-O 11. Bb2 Be6 12. Rc1 Bb6 13. Na4 Ne4 14. Nd4 Rc8 15.
Nxb6 axb6 16. Nxe6 fxe6 17. Bxe4 dxe4 18. Qxd8 Rfxd8 19. Rfd1 Rd5 20. Rxd5 exd5
21. e3 Rd8 22. b4 Rd7 23. b5 Nb4 24. Bd4 Nxa2 25. Rc8+ Kh7 26. Bxb6 Nb4 27. Bd4
Nd3 28. b6 Rf7 29. Rc7 Kg6 30. Rxf7 Kxf7 31. Kf1 g6 32. Ke2 Ke6 33. g4 h5 34.
h3 Kd6 35. f3 Kc6 36. f4 Nc1+ 37. Kd1 Nb3 38. f5 hxg4 39. fxg6 gxh3 40. g7 h2 *

[Event "44th Chess Olympiad Open 2022"]
[Site "Chennai"]
[Date "2022.08.02"]
[Round "5.55"]
[White "Al-Sulaiti, Ghanem"]
[Black "Salih, Akar Ali Salih"]
[Result "0-1"]
[WhiteElo "2183"]
[BlackElo "2243"]
[Annotator "NA"]
[PlyCount "78"]
[EventDate "2022.07.29"]
[EventType "team-tourn"]
[EventCountry "IND"]
[SourceTitle "playchess.com"]
[Source "ChessBase"]
[SourceQuality "1"]
[WhiteTeam "Qatar"]
[BlackTeam "Iraq"]
[WhiteTeamCountry "QAT"]
[BlackTeamCountry "IRQ"]

1. e4 c5 2. Nf3 d6 3. Bb5+ Nd7 4. c4 Ngf6 5. Nc3 g6 6. d4 cxd4 7. Nxd4 Bg7 8.
Be3 a6 9. Bxd7+ Bxd7 10. f3 O-O 11. Rc1 Rc8 12. Qe2 Qa5 13. O-O e6 14. Rfd1 Qb4
15. b3 e5 16. a3 Qa5 17. b4 Qxa3 18. Nb1 Qxb4 19. Nc2 Qxc4 20. Qf2 Ba4 21. Nca3
Qb4 22. Bd2 Qb2 23. Re1 d5 24. Qh4 dxe4 25. Bc3 Qb6+ 26. Kh1 exf3 27. Qxa4 Qf2
28. Rg1 Nd5 29. Qe4 Nf4 30. gxf3 f5 31. Qxb7 Rb8 32. Qc6 Rfc8 33. Be1 Qe2 34.
Qxc8+ Rxc8 35. Rxc8+ Bf8 36. Nd2 Nd3 37. Bh4 Qxd2 38. Rb1 Nf4 39. Rc2 Qd3 0-1

[Event "44th Chess Olympiad Open 2022"]
[Site "Chennai"]
[Date "2022.08.02"]
[Round "5.69"]
[White "Abugenda, Nagi"]
[Black "Fuad, Ahmed Mufleh"]
[Result "1/2-1/2"]
[WhiteElo "1991"]
[BlackElo "2086"]
[Annotator "NA"]
[PlyCount "98"]
[EventDate "2022.07.29"]
[EventType "team-tourn"]
[EventCountry "IND"]
[SourceTitle "playchess.com"]
[Source "ChessBase"]
[SourceQuality "1"]
[WhiteTeam "Libya"]
[BlackTeam "Yemen"]
[WhiteTeamCountry "LBY"]
[BlackTeamCountry "YEM"]

1. e4 e6 2. c4 d5 3. exd5 exd5 4. cxd5 Qxd5 5. Nc3 Qd8 6. Nf3 Be7 7. Bc4 Nf6 8.
h3 O-O 9. O-O c6 10. d4 b5 11. Bd3 Nd5 12. Re1 Bf6 13. Qe2 Nb4 14. Bb1 Be6 15.
Bf4 Nd5 16. Be5 Nd7 17. Ne4 Nxe5 18. dxe5 Be7 19. Qc2 g6 20. Qxc6 Qa5 21. Qc1
Kg7 22. Neg5 Rac8 23. Qd1 Qb4 24. Qb3 Bxg5 25. Qxb4 Nxb4 26. Nxg5 Nc2 27. Bxc2
Rxc2 28. b3 Rfc8 29. Nf3 Rd8 30. Rec1 Rdc8 31. Rxc2 Rxc2 32. Nd4 Rc5 33. Re1
Rd5 34. Nf3 Rc5 35. Re2 a5 36. Nd4 Kf8 37. f4 Ke7 38. Kf2 a4 39. g4 axb3 40.
axb3 b4 41. Re3 h5 42. f5 Bd5 43. Kg3 hxg4 44. hxg4 gxf5 45. gxf5 Rc1 46. e6
fxe6 47. fxe6 Rc3 48. Kf4 Rxe3 49. Kxe3 Bxb3 1/2-1/2

[Event "44th Chess Olympiad Open 2022"]
[Site "Chennai"]
[Date "2022.08.02"]
[Round "5.71"]
[White "Winston Gerald, Mansfield Thomas"]
[Black "Diarra, Sirike"]
[Result "1-0"]
[WhiteElo "1832"]
[BlackElo "1641"]
[Annotator "NA"]
[PlyCount "77"]
[EventDate "2022.07.29"]
[EventType "team-tourn"]
[EventCountry "IND"]
[SourceTitle "playchess.com"]
[Source "ChessBase"]
[SourceQuality "1"]
[WhiteTeam "SLE"]
[BlackTeam "Mali"]
[BlackTeamCountry "MLI"]

1. d4 d5 2. Bf4 Nf6 3. e3 e6 4. Bd3 Be7 5. Nd2 O-O 6. c4 c5 7. Ngf3 Nc6 8. cxd5
exd5 9. h3 c4 10. Bb1 Bb4 11. a3 Ba5 12. O-O h6 13. Qc2 Ne7 14. Ne5 Bxd2 15.
Qxd2 Be6 16. f3 Rc8 17. Rc1 a5 18. g4 g5 19. Bg3 Kg7 20. Be1 b6 21. Qh2 Rh8 22.
f4 Nfg8 23. f5 Bd7 24. Bc3 f6 25. Nxd7 Qxd7 26. Re1 h5 27. Qg2 hxg4 28. hxg4
Rh4 29. Bc2 Nh6 30. Bd1 Rh8 31. e4 Nf7 32. e5 Rh1+ 33. Qxh1 Rxh1+ 34. Kxh1 Qd8
35. exf6+ Kxf6 36. Re6+ Kg7 37. f6+ Kg8 38. fxe7 Qe8 39. Ba4 1-0

[Event "44th Chess Olympiad Open 2022"]
[Site "Chennai"]
[Date "2022.08.02"]
[Round "5.79"]
[White "Espirito Santo, Waldyr"]
[Black "Prasad, Rudr"]
[Result "1-0"]
[WhiteElo "1922"]
[BlackElo "1566"]
[Annotator "NA COMBH"]
[PlyCount "92"]
[EventDate "2022.07.29"]
[EventType "team-tourn"]
[EventCountry "IND"]
[SourceTitle "playchess.com"]
[Source "ChessBase"]
[SourceQuality "1"]
[WhiteTeam "STP"]
[BlackTeam "Fiji"]
[BlackTeamCountry "FIJ"]

1. e4 c6 2. d4 d5 3. exd5 cxd5 4. Bd3 Nc6 5. c3 Qc7 6. Ne2 e5 7. dxe5 Nxe5 8.
Bb5+ Bd7 9. Bxd7+ Qxd7 10. O-O Be7 11. Bf4 Ng6 12. Bg3 Nf6 13. Nd2 Nh5 14. Nf3
Nxg3 15. hxg3 h5 16. Qd4 Kf8 17. Rad1 Qb5 18. Rd2 Rd8 19. Rfd1 Bc5 20. Qd3 Qb6
21. Ned4 h4 22. Qf5 hxg3 23. fxg3 Ne7 24. Qg4 Qh6 25. Kf2 Nc8 26. Qg5 Qb6 27.
Re2 Be7 28. Qf4 Nd6 29. Ne5 Rh6 30. Kg1 Rf6 31. Qg4 Qc7 32. Ndf3 Ne4 33. Rxe4
dxe4 34. Nd7+ Rxd7 35. Rxd7 Qb6+ 36. Rd4 Rd6 37. Qxe4 Rxd4 38. cxd4 Qxb2 39.
Qh7 Bf6 40. Qe4 Qxa2 41. Qxb7 a5 42. Qc8+ Ke7 43. Qc5+ Kd7 44. d5 Qb1+ 45. Kh2
Qh7+ 46. Kg1 Qb1+ 1-0

[Event "44th Chess Olympiad Open 2022"]
[Site "Chennai"]
[Date "2022.08.02"]
[Round "5.80"]
[White "Klaas Tokelo"]
[Black "Shawabke Ziyad"]
[Result "1/2-1/2"]
[WhiteElo "1812"]
[BlackElo "1786"]
[Annotator "NA"]
[PlyCount "92"]
[EventDate "2022.07.29"]
[EventType "team-tourn"]
[EventCountry "IND"]
[SourceTitle "playchess.com"]
[Source "ChessBase"]
[SourceQuality "1"]
[WhiteTeam "Lesotho"]
[BlackTeam "Palestine"]
[WhiteTeamCountry "LES"]
[BlackTeamCountry "PLE"]

1. d4 Nf6 2. Nf3 d5 3. e3 c5 4. Be2 e6 5. O-O Nc6 6. Nbd2 Be7 7. b3 cxd4 8.
exd4 O-O 9. Bb2 a5 10. a3 b6 11. Bb5 Qc7 12. Qe2 Bd7 13. Rac1 Na7 14. Bd3 a4
15. c4 Qd8 16. b4 dxc4 17. Nxc4 Bb5 18. Nfe5 Rc8 19. Rcd1 Bxc4 20. Nxc4 Nc6 21.
b5 Na5 22. Nxa5 bxa5 23. Bc2 Nd5 24. Qd3 g6 25. Bxa4 Bd6 26. g3 Nb6 27. Bb3 a4
28. Ba2 Nd5 29. Rc1 Qb6 30. Rxc8 Rxc8 31. Rc1 Rb8 32. Rc6 Qxb5 33. Qxb5 Rxb5
34. Rxd6 Rxb2 35. Bxd5 exd5 36. Ra6 Rd2 37. Rxa4 Kg7 38. Kg2 Rd3 39. Kf1 Rd2
40. Ke1 Ra2 41. Ra5 Kf6 42. Rxd5 Rxa3 43. Re5 Rd3 44. Re4 Kf5 45. Rf4+ Ke6 46.
Ke2 Ra3 1/2-1/2